China’s Trade Competitiveness in the Area of Agricultural Products after the Implementation of the World Trade Organization Commitments

Dôkazy o implementácii obchodných záväzkov Číny do svojho inštitucionálneho a právneho prostredia, ktoré ovplyvnili jeho poľnohospodársky obchod. Index obchodnej bilancie a index uverejnenej komparatívnej výhody. Identifikácia zmien exportnej konkurencieschopnosti Číny v oblasti poľnohospodárskych v...

Descrizione completa

Salvato in:
Dettagli Bibliografici
Autore principale: Fojtíková, Lenka
Natura: Capitolo di libro
Lingua:inglese
Soggetti:
Tags: Aggiungi Tag
Nessun Tag, puoi essere il primo ad aggiungerne!!

MARC

LEADER 00000naa a2200000 4500
001 0249979
005 20221104110248.1
041 0 |a eng 
044 |a CZ 
245 1 0 |a China’s Trade Competitiveness in the Area of Agricultural Products after the Implementation of the World Trade Organization Commitments  |c Lenka Fojtíková 
520 |a Dôkazy o implementácii obchodných záväzkov Číny do svojho inštitucionálneho a právneho prostredia, ktoré ovplyvnili jeho poľnohospodársky obchod. Index obchodnej bilancie a index uverejnenej komparatívnej výhody. Identifikácia zmien exportnej konkurencieschopnosti Číny v oblasti poľnohospodárskych výrobkov v rokoch 2001 až 2015. 
610 2 0 |a Čína 
610 2 0 |a konkurencieschopnosť 
610 2 0 |a obchod 
610 2 0 |a poľnohospodárstvo 
610 2 0 |a Svetová obchodná organizácia 
100 1 |a Fojtíková, Lenka